00269 a2200133 4500001000700000020002200007040001100029100001800040240002900058245002400087300000700111362000900118440000800127189386 a978-85-7153-283-0 cMagnum aDiogo, Andrea10aDe repente, repentelpor10aDe repente, repente a960 a2012 1aRHJ